| 000 | 02071nam a2200289 a 4500 | ||
|---|---|---|---|
| 001 | 000000793 | ||
| 003 | DO-SdBNP | ||
| 005 | 20250410092927.0 | ||
| 008 | 090509s2003 dr r 001 0 spa d | ||
| 020 | _z9993425451 | ||
| 040 |
_aDO-SdBNP _bspa _cBNPHU |
||
| 082 |
_a362.8292 _bP762m |
||
| 100 | 1 |
_aPola Zapico, María Jesús _92754 |
|
| 245 | 1 | 3 |
_aLa mujer Dominicana en la relación de pareja : _brespuesta de la justicia a la violencia de género / _cMaría Jesús Pola Zapico ; prólogo Lourdes Contreras. |
| 260 |
_aSanto Domingo : _bINTEC, _c2003. |
||
| 300 |
_axi, 155 p. ; _c23 cm. |
||
| 504 | _aIncluye referencias bibliográficas y notas al pie de las páginas | ||
| 505 | 0 |
_tPrólogo -- _tIntroducción -- _tLa mujer como sujeto de violencia en la familia -- _tLa familia y sus trampas -- _tTradiciones y mitos -- _tEspacio privado -- _tEl ciclo de la violencia -- _tEl síndrome de estocolmo -- _tEl síndrome de la mujer maltratada -- _tEl feminicidio y el suicidio del feminicida -- _tLegislación y la mujer en situación de violencia de pareja -- _tEl género en el derecho -- _tMarco de derecho internacional -- _tViolaciones al derecho a la integridad personal -- _tViolaciones al derecho a la libertad -- _tViolaciones al derecho a la igualdad -- _tRespuesta del sistema de derecho a la reforma legal en la República Dominicana -- _tLey 24-97, sobre violencia intrafamiliar -- _tLa normativa -- _tLa estructura -- _tLo político cultural: conocimientos, prácticas y actitudes del sistema operativo de la justicia -- _tEntrevista en el distrito judicial de Santiago, en el sistema penal -- _tConclusión -- _tBibliografía general -- _tAnexos |
|
| 590 | _aInventariado, 2018/BT | ||
| 650 | 4 |
_aViolencia conyugal _xLegislación _zRepública Dominicana _92755 |
|
| 650 | 4 |
_aViolencia conyugal _zRepública Dominicana _92756 |
|
| 650 | 4 |
_aDerechos de la mujer _zRepública Dominicana _92757 |
|
| 650 | 4 |
_aViolencia familiar _zRepública Dominicana _92758 |
|
| 700 | 1 |
_aContreras, Lourdes _epról. _92759 |
|
| 910 | _aValidado. Control de calidad. MMOLINA | ||
| 942 |
_2ddc _cLBS1 |
||
| 999 |
_c789 _d789 |
||